00621nam a2200193Ia 4500008004100000020001500041082001400056100004200070245002500112250000700137260004200144300002400186500000700210600002100217650005000238942000700288952011700295999001500412240925s9999 xx 000 0 und d a8131707431 a005.3 HAN aHanselman , Duane; Littlefield, Bruce 0aMastering MATLABĀ® 7 aNA aNew Delhi:bPearson Educationc,2005. a679p.bNAfOriginal aNA aComputer Science aComputer science, information & general works cBK 001040708CSaUITUbUITUd2007-05-03eF.B.Cg2500.00l0o005.3 HANpQ7050r2024-09-25 07:14:28w2024-09-25yBK c9549d9549